[Event "Charlotte Spring IM-B"]
[Site "Charlotte USA"]
[Date "2023.03.20"]
[Round "9.2"]
[White "Amburgy, Ryan"]
[Black "Chiku-Ratte, Olivier-Kenta"]
[Result "1/2-1/2"]
[WhiteElo "2242"]
[BlackElo "2301"]
[PlyCount "286"]
[EventDate "2023.03.14"]
[EventType "tourn"]
[EventRounds "9"]
[EventCountry "USA"]
[Source "ChessMix"]
[SourceDate "2023.03.20"]
[TimeControl "5400+30"]

1. d4 {[%emt 0:00:02]} d5 {[%emt 0:00:20]} 2. c4 {[%emt 0:00:05]} c6 {
[%emt 0:00:04]} 3. Nf3 {[%emt 0:00:04]} Nf6 {[%emt 0:00:05]} 4. Nc3 {
[%emt 0:00:07]} e6 {[%emt 0:00:47]} 5. g3 {[%emt 0:00:19]} Be7 {[%emt 0:03:36]}
6. Bg2 {[%emt 0:00:11]} O-O {[%emt 0:00:06]} 7. O-O {[%emt 0:00:31]} b6 {
[%emt 0:01:37]} 8. Nd2 {[%emt 0:01:43]} Ba6 {[%emt 0:01:29]} 9. b3 {
[%emt 0:00:14]} b5 {[%emt 0:00:27]} 10. Bb2 {[%emt 0:06:19]} Nbd7 {
[%emt 0:03:44]} 11. Qc2 {[%emt 0:08:30]} bxc4 {[%emt 0:06:19]} 12. bxc4 {
[%emt 0:00:02]} Rb8 {[%emt 0:03:38]} 13. Rab1 {[%emt 0:05:08]} Nb6 {
[%emt 0:02:50]} 14. c5 {[%emt 0:00:48]} Nc4 {[%emt 0:00:08]} 15. Nxc4 {
[%emt 0:00:47]} Bxc4 {[%emt 0:00:10]} 16. Rfe1 {[%emt 0:16:37]} Qa5 {
[%emt 0:08:10]} 17. Bf1 {[%emt 0:01:55]} Qa6 {[%emt 0:03:01]} 18. e3 {
[%emt 0:02:32]} e5 {[%emt 0:03:53]} 19. Bxc4 {[%emt 0:03:50]} Qxc4 {
[%emt 0:00:32]} 20. Qe2 {[%emt 0:00:12]} Qxe2 {[%emt 0:01:05]} 21. Nxe2 {
[%emt 0:00:09]} e4 {[%emt 0:15:54]} 22. Bc3 {[%emt 0:00:49]} Nd7 {
[%emt 0:00:04]} 23. Ba5 {[%emt 0:03:21]} Rxb1 {[%emt 0:01:00]} 24. Rxb1 {
[%emt 0:00:01]} Rb8 {[%emt 0:00:02]} 25. Rxb8+ {[%emt 0:00:24]} Nxb8 {
[%emt 0:00:02]} 26. Kf1 {[%emt 0:11:47]} f5 {[%emt 0:01:26]} 27. h4 {
[%emt 0:00:26]} Kf7 {[%emt 0:00:06]} 28. a3 {[%emt 0:00:53]} g6 {[%emt 0:01:44]
} 29. Nc1 {[%emt 0:00:41]} h6 {[%emt 0:00:14]} 30. Ke2 {[%emt 0:00:58]} Ke6 {
[%emt 0:00:34]} 31. Nb3 {[%emt 0:00:43]} g5 {[%emt 0:00:52]} 32. hxg5 {
[%emt 0:00:02]} hxg5 {[%emt 0:00:03]} 33. Kd2 {[%emt 0:00:46]} Kd7 {
[%emt 0:01:06]} 34. Ke2 {[%emt 0:00:08]} Kc8 {[%emt 0:00:22]} 35. Be1 {
[%emt 0:01:02]} Nd7 {[%emt 0:00:24]} 36. Na5 {[%emt 0:00:19]} Kc7 {
[%emt 0:01:48]} 37. Bd2 {[%emt 0:00:32]} Nf6 {[%emt 0:00:21]} 38. Kf1 {
[%emt 0:00:18]} Nh5 {[%emt 0:02:06]} 39. Kg2 {[%emt 0:00:30]} Ng7 {
[%emt 0:00:06]} 40. g4 {[%emt 0:01:20]} Kd7 {[%emt 0:02:57]} 41. Kh3 {
[%emt 0:03:00]} Bd8 {[%emt 0:01:52]} 42. gxf5 {[%emt 0:00:12]} Nxf5 {
[%emt 0:00:04]} 43. Kg4 {[%emt 0:00:33]} Nh4 {[%emt 0:02:06]} 44. Nb3 {
[%emt 0:00:55]} Nf3 {[%emt 0:00:25]} 45. Bc3 {[%emt 0:00:43]} Nh2+ {
[%emt 0:03:37]} 46. Kh3 {[%emt 0:00:05]} Bc7 {[%emt 0:00:23]} 47. Nd2 {
[%emt 0:01:16]} g4+ {[%emt 0:00:52]} 48. Kg2 {[%emt 0:00:29]} Nf3 {
[%emt 0:00:34]} 49. Nb3 {[%emt 0:00:13]} Nh4+ {[%emt 0:01:07]} 50. Kf1 {
[%emt 0:00:03]} Nf5 {[%emt 0:00:35]} 51. Ke2 {[%emt 0:00:19]} Bd8 {
[%emt 0:01:05]} 52. Bd2 {[%emt 0:00:48]} Bf6 {[%emt 0:00:45]} 53. Bc3 {
[%emt 0:01:19]} Kc7 {[%emt 0:01:04]} 54. Bb4 {[%emt 0:00:11]} Bg5 {
[%emt 0:00:13]} 55. Bd2 {[%emt 0:00:05]} Nh4 {[%emt 0:00:15]} 56. Bc3 {
[%emt 0:00:29]} Ng6 {[%emt 0:01:39]} 57. Bb4 {[%emt 0:00:14]} Ne7 {
[%emt 0:00:05]} 58. Ba5+ {[%emt 0:00:18]} Kc8 {[%emt 0:00:14]} 59. a4 {
[%emt 0:01:03]} Nf5 {[%emt 0:01:19]} 60. Bd2 {[%emt 0:00:04]} Bd8 {
[%emt 0:02:03]} 61. Ba5 {[%emt 0:01:30]} Bh4 {[%emt 0:01:40]} 62. Bd2 {
[%emt 0:00:11]} Nh6 {[%emt 0:00:34]} 63. Bc3 {[%emt 0:00:22]} Nf7 {
[%emt 0:00:07]} 64. Bd2 {[%emt 0:00:25]} Ng5 {[%emt 0:00:18]} 65. Bc3 {
[%emt 0:00:33]} Nf3 {[%emt 0:02:36]} 66. Kf1 {[%emt 0:00:06]} Bd8 {
[%emt 0:00:21]} 67. Ke2 {[%emt 0:00:10]} Kb7 {[%emt 0:00:10]} 68. Ba5 {
[%emt 0:00:04]} Bh4 {[%emt 0:02:50]} 69. Bc3 {[%emt 0:00:04]} Ng5 {
[%emt 0:01:49]} 70. Na5+ {[%emt 0:00:06]} Kc7 {[%emt 0:00:02]} 71. Nb3 {
[%emt 0:00:06]} Ne6 {[%emt 0:00:14]} 72. Bb4 {[%emt 0:00:10]} Bg5 {
[%emt 0:03:06]} 73. Bc3 {[%emt 0:00:13]} Ng7 {[%emt 0:02:03]} 74. Bb4 {
[%emt 0:00:01]} Nf5 {[%emt 0:00:12]} 75. Bd2 {[%emt 0:00:00]} g3 {
[%emt 0:00:33]} 76. fxg3 {[%emt 0:00:03]} Nxg3+ {[%emt 0:00:05]} 77. Ke1 {
[%emt 0:00:13]} Bh4 {[%emt 0:00:21]} 78. Kd1 {[%emt 0:00:01]} Nf1 {
[%emt 0:00:16]} 79. Ke2 {[%emt 0:00:03]} Nxd2 {[%emt 0:01:19]} 80. Nxd2 {
[%emt 0:00:01]} Kb7 {[%emt 0:00:14]} 81. Nb3 {[%emt 0:00:01]} Ka6 {
[%emt 0:00:05]} 82. Kf1 {[%emt 0:00:01]} Bd8 {[%emt 0:00:21]} 83. Ke2 {
[%emt 0:00:01]} Ba5 {[%emt 0:00:07]} 84. Kd1 {[%emt 0:00:04]} Bb4 {
[%emt 0:00:17]} 85. Ke2 {[%emt 0:00:03]} Kb7 {[%emt 0:00:31]} 86. Kd1 {
[%emt 0:00:18]} Kc8 {[%emt 0:00:06]} 87. Nc1 {[%emt 0:00:03]} Kd7 {
[%emt 0:00:10]} 88. Ne2 {[%emt 0:00:14]} Ke6 {[%emt 0:00:21]} 89. Ng3 {
[%emt 0:00:14]} Ba5 {[%emt 0:00:04]} 90. Ke2 {[%emt 0:00:12]} Bc7 {
[%emt 0:00:47]} 91. Nf1 {[%emt 0:00:04]} Kf5 {[%emt 0:00:59]} 92. Nd2 {
[%emt 0:00:08]} Kg4 {[%emt 0:00:40]} 93. Nb3 {[%emt 0:00:02]} Kg3 {
[%emt 0:00:10]} 94. Nc1 {[%emt 0:00:04]} Ba5 {[%emt 0:02:06]} 95. Nb3 {
[%emt 0:00:05]} Bb4 {[%emt 0:00:06]} 96. Nc1 {[%emt 0:00:02]} Bc3 {
[%emt 0:01:42]} 97. Na2 {[%emt 0:00:12]} Ba5 {[%emt 0:00:18]} 98. Nc1 {
[%emt 0:00:01]} Kg2 {[%emt 0:00:54]} 99. Na2 {[%emt 0:00:07]} Kg1 {
[%emt 0:01:15]} 100. Nc1 {[%emt 0:00:01]} Bb4 {[%emt 0:00:19]} 101. Na2 {
[%emt 0:00:01]} Ba3 {[%emt 0:02:50]} 102. Nc3 {[%emt 0:00:01]} Kg2 {
[%emt 0:01:02]} 103. Na2 {[%emt 0:00:01]} Kg3 {[%emt 0:00:38]} 104. Nc3 {
[%emt 0:00:00]} Bb4 {[%emt 0:00:22]} 105. Na2 {[%emt 0:00:02]} Ba5 {
[%emt 0:00:23]} 106. Nc1 {[%emt 0:00:01]} Kg4 {[%emt 0:00:06]} 107. Nb3 {
[%emt 0:00:01]} Bb4 {[%emt 0:00:12]} 108. Nc1 {[%emt 0:00:01]} Kf5 {
[%emt 0:00:06]} 109. Nb3 {[%emt 0:00:00]} Ke6 {[%emt 0:00:07]} 110. Kd1 {
[%emt 0:00:01]} Kd7 {[%emt 0:00:04]} 111. Ke2 {[%emt 0:00:01]} Kc7 {
[%emt 0:00:14]} 112. Kd1 {[%emt 0:00:01]} Kb7 {[%emt 0:00:06]} 113. Ke2 {
[%emt 0:00:02]} Ka6 {[%emt 0:00:03]} 114. Kd1 {[%emt 0:00:02]} Ba5 {
[%emt 0:01:55]} 115. Ke2 {[%emt 0:00:01]} Bd8 {[%emt 0:00:07]} 116. Kd2 {
[%emt 0:00:00]} Bh4 {[%emt 0:00:11]} 117. Ke2 {[%emt 0:00:01]} Bg3 {
[%emt 0:00:01]} 118. Kf1 {[%emt 0:00:06]} Bh4 {[%emt 0:00:15]} 119. Ke2 {
[%emt 0:00:01]} Bg3 {[%emt 0:00:31]} 120. Kf1 {[%emt 0:00:00]} Bb8 {
[%emt 0:00:17]} 121. Kf2 {[%emt 0:00:04]} Bc7 {[%emt 0:00:03]} 122. Ke2 {
[%emt 0:00:03]} Kb7 {[%emt 0:00:19]} 123. Kd2 {[%emt 0:00:04]} a6 {
[%emt 0:00:12]} 124. Ke2 {[%emt 0:00:03]} Bg3 {[%emt 0:00:18]} 125. Nd2 {
[%emt 0:00:09]} Bc7 {[%emt 0:00:27]} 126. Nb3 {[%emt 0:00:05]} Kc8 {
[%emt 0:00:09]} 127. Kd2 {[%emt 0:00:15]} Kd7 {[%emt 0:00:11]} 128. Ke2 {
[%emt 0:00:08]} Ke6 {[%emt 0:00:06]} 129. Nc1 {[%emt 0:00:06]} Ba5 {
[%emt 0:00:40]} 130. Nb3 {[%emt 0:00:01]} Bb4 {[%emt 0:00:14]} 131. Nc1 {
[%emt 0:00:01]} Bc3 {[%emt 0:00:48]} 132. Na2 {[%emt 0:00:04]} Ba5 {
[%emt 0:00:10]} 133. Nc1 {[%emt 0:00:00]} Kf5 {[%emt 0:01:09]} 134. Nb3 {
[%emt 0:00:02]} Bc3 {[%emt 0:00:21]} 135. Nc1 {[%emt 0:00:01]} Bb2 {
[%emt 0:00:20]} 136. Nb3 {[%emt 0:00:05]} Bc3 {[%emt 0:00:25]} 137. Nc1 {
[%emt 0:00:00]} Kg4 {[%emt 0:00:08]} 138. Na2 {[%emt 0:00:01]} Ba5 {
[%emt 0:00:11]} 139. Nc1 {[%emt 0:00:00]} Kg3 {[%emt 0:01:20]} 140. Nb3 {
[%emt 0:00:03]} Bc3 {[%emt 0:01:10]} 141. Nc1 {[%emt 0:00:01]} Bb2 {
[%emt 0:00:46]} 142. Nb3 {[%emt 0:00:01]} Bc3 {[%emt 0:00:19]} 143. Nc1 {
[%emt 0:00:01]} Kg4 {[%emt 0:19:07]} 1/2-1/2

[Event "Carnaval"]
[Site "Quebec CAN"]
[Date "2023.02.10"]
[Round "1"]
[White "Chiku-Ratte, Olivier-Kenta"]
[Black "Belanger, Mathieu-Olivier"]
[Result "1-0"]
[WhiteElo "2421"]
[BlackElo "1972"]
[PlyCount "49"]
[EventDate "2023.02.10"]
[EventType "swiss"]
[EventRounds "5"]
[EventCountry "CAN"]

1. c4 Nf6 2. Nf3 e6 3. Nc3 d5 4. d4 Be7 5. Bg5 Nbd7 6. e3 O-O 7. Rc1 Re8 8. Bd3
dxc4 9. Bxc4 a6 10. a4 c5 11. O-O b6 12. d5 Nxd5 13. Nxd5 Bxg5 14. Nxg5 Ne5 15.
Qh5 h6 16. f4 hxg5 17. fxe5 g6 18. Qf3 exd5 19. Qxf7+ Kh8 20. Bxd5 Bf5 21. Bxa8
Qxa8 22. Rxf5 gxf5 23. Qh5+ Kg8 24. Qxg5+ Kh8 25. Rc4 1-0

[Event "Carnaval"]
[Site "Quebec CAN"]
[Date "2023.02.11"]
[Round "2"]
[White "Adam, Rafael"]
[Black "Chiku-Ratte, Olivier-Kenta"]
[Result "1/2-1/2"]
[WhiteElo "2179"]
[BlackElo "2421"]
[PlyCount "116"]
[EventDate "2023.02.10"]
[EventType "swiss"]
[EventRounds "5"]
[EventCountry "CAN"]

1. Nf3 Nf6 2. g3 g6 3. Bg2 Bg7 4. c4 O-O 5. O-O d6 6. d4 Nc6 7. Nc3 a6 8. d5
Na5 9. b3 Rb8 10. Bg5 h6 11. Bd2 c5 12. dxc6 bxc6 13. c5 d5 14. Bf4 Ra8 15. Be5
Re8 16. Rc1 Bf8 17. e4 e6 18. Bxf6 Qxf6 19. e5 Qd8 20. Na4 Nb7 21. Nd4 Bd7 22.
f4 f6 23. Qd3 Kh7 24. h4 fxe5 25. fxe5 Bg7 26. Rf7 Re7 27. h5 Rxf7 28. hxg6+
Kh8 29. gxf7 Qg5 30. Rf1 Qxe5 31. Ne2 Rf8 32. Qf3 Qf5 33. Qe3 Qg5 34. Qxg5 hxg5
35. Nb6 Bc8 36. Bh3 Nxc5 37. b4 Ne4 38. Nxc8 Rxc8 39. Bxe6 Rd8 40. Kg2 Bf6 41.
Nd4 Kg7 42. Nxc6 Rd6 43. Nd4 Kf8 44. Rc1 Rd8 45. Nf5 d4 46. Rh1 Nd6 47. Nxd6
Rxd6 48. Bc4 d3 49. Kf3 Rd4 50. Bb3 d2 51. Ke2 Rd8 52. Kd1 Kg7 53. Rf1 Bc3 54.
a3 Bb2 55. a4 Ba3 56. f8=Q+ Rxf8 57. Rxf8 Kxf8 58. b5 axb5 1/2-1/2

[Event "Carnaval"]
[Site "Quebec CAN"]
[Date "2023.02.11"]
[Round "3"]
[White "Chiku-Ratte, Olivier-Kenta"]
[Black "Nicula, Marius"]
[Result "0-1"]
[WhiteElo "2421"]
[BlackElo "2218"]
[PlyCount "102"]
[EventDate "2023.02.10"]
[EventType "swiss"]
[EventRounds "5"]
[EventCountry "CAN"]

1. d4 e6 2. c4 f5 3. g3 Nf6 4. Bg2 d5 5. Qc2 c6 6. Nh3 Be7 7. O-O O-O 8. Nf4
Qe8 9. Nd2 g5 10. Nd3 Nbd7 11. Nf3 Ne4 12. Nfe5 Nd6 13. b3 Nf7 14. Bb2 Ndxe5
15. dxe5 Nh8 16. e3 Ng6 17. f4 h6 18. a4 Bd7 19. Bd4 h5 20. fxg5 Bxg5 21. h4
Bh6 22. Qe2 b6 23. Qxh5 Bg7 24. c5 bxc5 25. Nxc5 Bc8 26. Qg5 Kh7 27. Rf2 Nxe5
28. Nd3 Bh6 29. Nxe5 Bxg5 30. hxg5 Rh8 31. g6+ Kg8 32. Nf7 e5 33. Bxe5 Qe6 34.
Bd4 Rh5 35. g4 fxg4 36. Raf1 Ba6 37. Rf6 Qe7 38. R1f5 Rh4 39. g7 g3 40. Ng5
Rxd4 41. Ne6 Rd1+ 42. Bf1 Rxf1+ 43. Rxf1 Bxf1 44. Rf8+ Rxf8 45. gxf8=Q+ Qxf8
46. Nxf8 Kxf8 47. Kxf1 c5 48. a5 c4 49. b4 c3 50. Ke2 g2 51. Kf2 c2 0-1

[Event "Saint Louis 1000IM 2023.01"]
[Site "Saint Louis USA"]
[Date "2023.01.25"]
[Round "1.6"]
[White "Yanayt, Eugene"]
[Black "Chiku-Ratte, Olivier-Kenta"]
[Result "1/2-1/2"]
[WhiteElo "1958"]
[BlackElo "2322"]
[PlyCount "197"]
[EventDate "2023.01.25"]
[EventType "tourn"]
[EventRounds "9"]
[EventCountry "USA"]
[Source "ChessMix"]
[SourceDate "2023.02.01"]
[WhiteTeam "C3"]
[BlackTeam "D3"]

1. d4 Nf6 2. c4 e6 3. Nc3 c5 4. d5 exd5 5. cxd5 d6 6. Nf3 g6 7. Nd2 a6 8. a4
Nbd7 9. e4 Bg7 10. Be2 O-O 11. O-O Re8 12. Re1 Ne5 13. Nf1 Rb8 14. h3 c4 15. f4
Nd3 16. Bxd3 cxd3 17. Qxd3 b5 18. axb5 axb5 19. Bd2 b4 20. Na4 Bd7 21. Ng3 Bb5
22. Qb3 h5 23. Qxb4 h4 24. Nh1 Bd7 25. Qc4 Bxa4 26. Rxa4 Rxb2 27. Bc3 Rb7 28.
Nf2 Rc7 29. Qd3 Qc8 30. Bd4 Rc1 31. Ra1 Rc2 32. Rad1 Qc4 33. Bxf6 Bxf6 34. Ng4
Bg7 35. e5 Qa2 36. Qf3 Qa7+ 37. Kh1 Qe7 38. Re3 Rec8 39. Qf1 Ra2 40. Rc1 Rxc1
41. Qxc1 Qb7 42. Rd3 Qb5 43. Qf1 Rd2 44. Rf3 Qxd5 45. Ne3 Qd3 46. Qxd3 Rxd3 47.
exd6 Rxd6 48. f5 g5 49. g3 Rd3 50. Kg2 Bd4 51. Nf1 Rd1 52. gxh4 gxh4 53. Rf4
Bf6 54. Ne3 Rd3 55. Rf3 Rd2+ 56. Rf2 Rd4 57. Ng4 Kg7 58. Rf3 Rd2+ 59. Rf2 Rd5
60. Ne3 Rd3 61. Ng4 Bd4 62. Rf4 Rg3+ 63. Kf1 Ba1 64. Nf2 Ra3 65. Rxh4 Rf3 66.
Kg2 Rxf5 67. Ra4 Bf6 68. Rg4+ Kh7 69. Ne4 Be7 70. Ng3 Ra5 71. Rf4 f6 72. Ne4
Kg6 73. Rg4+ Kf7 74. Ng3 Ra2+ 75. Kf3 Bd6 76. Nf5 Be5 77. h4 Ke6 78. Ng7+ Kd5
79. h5 Rh2 80. Rg2 Rh1 81. Rd2+ Kc4 82. Rg2 Rf1+ 83. Rf2 Rg1 84. Rg2 Rh1 85.
Rg4+ Kd3 86. Rg2 Rh4 87. Rg4 Rh3+ 88. Kg2 Re3 89. Rg6 Ke4 90. Rg4+ Kd3 91. Nf5
Re2+ 92. Kf3 Re1 93. Kf2 Re2+ 94. Kf3 Re1 95. Kf2 Rh1 96. Rh4 Rxh4 97. Nxh4 Ke4
98. h6 f5 99. Nxf5 1/2-1/2

[Event "Saint Louis 1000IM 2023.01"]
[Site "Saint Louis USA"]
[Date "2023.01.26"]
[Round "2.3"]
[White "Bacus, Dharim"]
[Black "Chiku-Ratte, Olivier-Kenta"]
[Result "0-1"]
[WhiteElo "2149"]
[BlackElo "2322"]
[PlyCount "68"]
[EventDate "2023.01.25"]
[EventType "tourn"]
[EventRounds "9"]
[EventCountry "USA"]
[Source "ChessMix"]
[SourceDate "2023.02.01"]
[WhiteTeam "B3"]
[BlackTeam "D3"]

1. e4 e5 2. Nf3 Nc6 3. Bc4 Nf6 4. d3 h6 5. O-O d6 6. c3 g5 7. a4 Bg7 8. a5 a6
9. Nbd2 O-O 10. Bb3 Kh8 11. d4 Qe7 12. dxe5 dxe5 13. Bc4 Ne8 14. Bd5 Qf6 15. b3
Ne7 16. Ba3 Nd6 17. Bc4 Ng6 18. Qc2 h5 19. Bxd6 cxd6 20. Rfd1 Nf4 21. Ne1 Be6
22. Nd3 Rac8 23. Nb4 Qg6 24. g3 Nh3+ 25. Kg2 g4 26. Nd5 Qh6 27. Ne3 Ng5 28. Nf5
Bxf5 29. exf5 h4 30. Ne4 hxg3 31. Nxg5 Qxh2+ 32. Kf1 Bh6 33. Nxf7+ Rxf7 34.
Bxf7 Rxc3 0-1

[Event "Saint Louis 1000IM 2023.01"]
[Site "Saint Louis USA"]
[Date "2023.01.26"]
[Round "3.6"]
[White "Chiku-Ratte, Olivier-Kenta"]
[Black "Eckert, Doug D"]
[Result "1-0"]
[WhiteElo "2322"]
[BlackElo "2133"]
[PlyCount "123"]
[EventDate "2023.01.25"]
[EventType "tourn"]
[EventRounds "9"]
[EventCountry "USA"]
[Source "ChessMix"]
[SourceDate "2023.02.01"]
[WhiteTeam "D3"]
[BlackTeam "A3"]

1. Nf3 d5 2. d4 Nf6 3. c4 e6 4. g3 dxc4 5. Qa4+ Bd7 6. Qxc4 c5 7. dxc5 Qc7 8.
Bf4 Qxc5 9. Qxc5 Bxc5 10. Nc3 Nc6 11. Bg2 O-O 12. O-O Rac8 13. Rac1 b6 14. a3
Rfd8 15. Ne1 Be7 16. Nd3 Nd4 17. Kh1 Bc6 18. Bxc6 Rxc6 19. e3 Nb3 20. Rcd1 Rcc8
21. Nb4 Nd2 22. Rfe1 a5 23. Nc2 Nfe4 24. Nxe4 Nxe4 25. Rxd8+ Bxd8 26. Re2 g5
27. f3 gxf4 28. fxe4 fxg3 29. hxg3 Bf6 30. Ne1 Rc4 31. Kg2 Rxe4 32. Kf3 Rc4 33.
Nd3 Kg7 34. g4 e5 35. Nf2 Kg6 36. Rd2 Rc6 37. Ne4 Be7 38. Rd7 Re6 39. Ng3 Bc5
40. Rd8 Kf6 41. Nf5 h5 42. Rh8 hxg4+ 43. Kxg4 e4 44. Kf4 Bd6+ 45. Nxd6 Rxd6 46.
Kxe4 Ke7 47. Rb8 Ke6 48. b4 axb4 49. axb4 Ke7 50. Rb7+ Ke6 51. b5 Kf6 52. Kf4
Re6 53. e4 Kg6 54. Rc7 f6 55. Rb7 Rd6 56. Re7 f5 57. exf5+ Kf6 58. Re4 Kf7 59.
Ke5 Rd1 60. Rd4 Re1+ 61. Kd6 Rc1 62. Rd5 1-0

[Event "Saint Louis 1000IM 2023.01"]
[Site "Saint Louis USA"]
[Date "2023.01.27"]
[Round "4.5"]
[White "Denby, Caleb"]
[Black "Chiku-Ratte, Olivier-Kenta"]
[Result "0-1"]
[WhiteElo "2195"]
[BlackElo "2322"]
[PlyCount "100"]
[EventDate "2023.01.25"]
[EventType "tourn"]
[EventRounds "9"]
[EventCountry "USA"]
[Source "ChessMix"]
[SourceDate "2023.02.01"]
[WhiteTeam "A2"]
[BlackTeam "D3"]

1. d4 Nf6 2. c4 c5 3. d5 g6 4. Nc3 Bg7 5. e4 O-O 6. Bd3 e6 7. Be3 d6 8. e5 dxe5
9. Bxc5 Re8 10. d6 b6 11. Ba3 Bb7 12. f3 e4 13. fxe4 Nxe4 14. Nxe4 Bxe4 15. Nf3
Bc6 16. O-O Nd7 17. Qe2 Nc5 18. Bxc5 bxc5 19. Ne5 Bxg2 20. Rf2 Qh4 21. d7 Rf8
22. Nxf7 Bd4 23. Kxg2 Qxf2+ 24. Qxf2 Bxf2 25. Be4 Kxf7 26. Bxa8 Rxa8 27. Kxf2
Ke7 28. Rd1 Rd8 29. a3 a5 30. b4 axb4 31. axb4 cxb4 32. Rb1 Rb8 33. Rd1 b3 34.
c5 b2 35. c6 Kd8 36. Rb1 Rb6 37. Kf3 Rxc6 38. Rxb2 Kxd7 39. Kf4 Rc5 40. Rb7+
Rc7 41. Rb5 Kd6 42. Ra5 Rc4+ 43. Kf3 h5 44. h3 Ke7 45. Kg3 h4+ 46. Kf3 Kf6 47.
Ra3 Kf5 48. Rb3 e5 49. Ra3 Rd4 50. Rb3 Rd3+ 0-1

[Event "Saint Louis 1000IM 2023.01"]
[Site "Saint Louis USA"]
[Date "2023.01.27"]
[Round "5.3"]
[White "Chiku-Ratte, Olivier-Kenta"]
[Black "Perrine, Dalton"]
[Result "1-0"]
[WhiteElo "2322"]
[BlackElo "2200"]
[PlyCount "31"]
[EventDate "2023.01.25"]
[EventType "tourn"]
[EventRounds "9"]
[EventCountry "USA"]
[Source "ChessMix"]
[SourceDate "2023.02.01"]
[WhiteTeam "D3"]
[BlackTeam "B1"]

1. d4 Nf6 2. Bg5 c5 3. d5 Ne4 4. Bc1 e6 5. c4 b5 6. Qc2 Nf6 7. e4 bxc4 8. Nc3
exd5 9. e5 Bb7 10. exf6 Qxf6 11. Qe2+ Be7 12. h4 h6 13. Bg5 Qe6 14. Bxe7 Kxe7
15. O-O-O Kd8 16. Qf3 1-0

[Event "Saint Louis 1000IM 2023.01"]
[Site "Saint Louis USA"]
[Date "2023.01.28"]
[Round "6.6"]
[White "Chiku-Ratte, Olivier-Kenta"]
[Black "Lee, Alice"]
[Result "1-0"]
[WhiteElo "2322"]
[BlackElo "2300"]
[PlyCount "70"]
[EventDate "2023.01.25"]
[EventType "tourn"]
[EventRounds "9"]
[EventCountry "USA"]
[Source "ChessMix"]
[SourceDate "2023.02.01"]
[WhiteTeam "D3"]
[BlackTeam "C1"]

1. Nf3 d5 2. c4 c6 3. e3 Nf6 4. Nc3 e6 5. b3 Bd6 6. Bb2 Nbd7 7. Qc2 O-O 8. Rg1
dxc4 9. bxc4 e5 10. g4 Nc5 11. g5 Nfd7 12. O-O-O Qa5 13. d4 Na6 14. c5 Bc7 15.
Nd2 exd4 16. exd4 Bf4 17. Qe4 Qc7 18. Bc4 b6 19. g6 Nf6 20. gxf7+ Kh8 21. Qg2
Bh6 22. Nce4 Nxe4 23. Qxe4 Nb4 24. d5 Qxf7 25. d6 Qf5 26. Rxg7 Bxg7 27. Bxg7+
Kxg7 28. Rg1+ Kh6 29. Qh4+ Qh5 30. Qd4 Nd3+ 31. Qxd3 Qe5 32. d7 Bxd7 33. Qxd7
Qc3+ 34. Kb1 Rad8 35. Qe7 Rf5 1-0

[Event "Saint Louis 1000IM 2023.01"]
[Site "Saint Louis USA"]
[Date "2023.01.28"]
[Round "7.5"]
[White "Proleiko, Julian"]
[Black "Chiku-Ratte, Olivier-Kenta"]
[Result "1/2-1/2"]
[WhiteElo "2191"]
[BlackElo "2322"]
[PlyCount "49"]
[EventDate "2023.01.25"]
[EventType "tourn"]
[EventRounds "9"]
[EventCountry "USA"]
[Source "ChessMix"]
[SourceDate "2023.02.01"]
[WhiteTeam "C2"]
[BlackTeam "D3"]

1. e4 e5 2. Nf3 Nc6 3. Nc3 g6 4. d4 exd4 5. Nxd4 Bg7 6. Be3 d6 7. Qd2 Nf6 8. f3
O-O 9. O-O-O Nxd4 10. Bxd4 Be6 11. g4 c5 12. Be3 Qa5 13. a3 Rfd8 14. g5 Nh5 15.
Nd5 Qxd2+ 16. Rxd2 Bxd5 17. Rxd5 Be5 18. c3 a6 19. Kc2 Nf4 20. Bxf4 Bxf4 21. a4
Kg7 22. h4 Rf8 23. Bc4 f6 24. gxf6+ Rxf6 25. Rd3 1/2-1/2

[Event "Saint Louis 1000IM 2023.01"]
[Site "Saint Louis USA"]
[Date "2023.01.29"]
[Round "8.2"]
[White "Espinosa, Pedro"]
[Black "Chiku-Ratte, Olivier-Kenta"]
[Result "1-0"]
[WhiteElo "2189"]
[BlackElo "2322"]
[PlyCount "119"]
[EventDate "2023.01.25"]
[EventType "tourn"]
[EventRounds "9"]
[EventCountry "USA"]
[Source "ChessMix"]
[SourceDate "2023.02.01"]
[WhiteTeam "B2"]
[BlackTeam "D3"]

1. d4 Nf6 2. c4 c5 3. d5 b5 4. cxb5 a6 5. bxa6 Bxa6 6. Nc3 d6 7. Nf3 g6 8. e4
Bxf1 9. Kxf1 Bg7 10. g3 O-O 11. Kg2 Qb6 12. a4 Nbd7 13. Qe2 Qa6 14. Nb5 Ne8 15.
Bg5 Ndf6 16. Rhe1 Qb7 17. b3 Nc7 18. Nxc7 Qxc7 19. Rad1 Qb7 20. Rd3 Ng4 21. h3
Ne5 22. Nxe5 Bxe5 23. Bf4 Bd4 24. Qf3 Qb4 25. Re2 Qb8 26. h4 Rc8 27. h5 Bf6 28.
hxg6 hxg6 29. Rc2 Kg7 30. g4 Qb7 31. g5 Bd4 32. Qg4 e5 33. Be3 Qa6 34. Rc4 Rab8
35. Bxd4 cxd4 36. Qf3 Rh8 37. Rc6 Qa5 38. Rxd6 Rbf8 39. Rd1 Rh5 40. Qf6+ Kg8
41. Qxe5 Qc3 42. Qg3 Qc2 43. Qg4 Re8 44. Rc6 Qxb3 45. Rxd4 Qb2 46. Rd3 Re5 47.
Rg3 Qa1 48. Qc8+ Kh7 49. Rc1 Qxa4 50. Qc4 Qa5 51. d6 Kg7 52. Qd4 Rh4 53. d7
Rhxe4 54. d8=Q Rxd4 55. Qxd4 Qa8+ 56. Kg1 f6 57. gxf6+ Kxf6 58. Qd6+ Re6 59.
Qf4+ Ke7 60. Rc7+ 1-0

[Event "Saint Louis 1000IM 2023.01"]
[Site "Saint Louis USA"]
[Date "2023.01.29"]
[Round "9.6"]
[White "Chiku-Ratte, Olivier-Kenta"]
[Black "Baasansuren, Erdene"]
[Result "1/2-1/2"]
[WhiteElo "2322"]
[BlackElo "2247"]
[PlyCount "305"]
[EventDate "2023.01.25"]
[EventType "tourn"]
[EventRounds "9"]
[EventCountry "USA"]
[Source "ChessMix"]
[SourceDate "2023.02.01"]
[WhiteTeam "D3"]
[BlackTeam "A1"]

1. d4 d5 2. c4 e6 3. Nc3 Nf6 4. Bg5 Be7 5. cxd5 exd5 6. e3 c6 7. Bd3 Nbd7 8.
Qc2 h6 9. Bh4 Nh5 10. Bxe7 Qxe7 11. Nge2 Nb6 12. h3 Be6 13. O-O-O O-O-O 14. Kb1
Kb8 15. Rhe1 Bc8 16. Nc1 g6 17. f3 Rhe8 18. Nb3 Ng7 19. g4 Qd6 20. Qf2 h5 21.
Ne2 g5 22. gxh5 Nxh5 23. Rg1 Qe7 24. Ng3 Ng7 25. e4 dxe4 26. fxe4 Rh8 27. e5
Rxh3 28. Ne4 Bf5 29. Nec5 Bxd3+ 30. Nxd3 Ne6 31. Rgf1 Nc4 32. Qxf7 Qxf7 33.
Rxf7 b6 34. Nb4 Nxe5 35. Re7 Rd6 36. Re1 Nxd4 37. R1xe5 Rh1+ 38. Nc1 Kc8 39.
Rxg5 Ne6 40. Rg8+ Nd8 41. Na6 Rd7 42. Rxd7 Kxd7 43. Rg7+ Kd6 44. Rg2 Kd7 45.
Nb4 Ne6 46. Rd2+ Kc7 47. b3 a5 48. Nbd3 Rh4 49. Kb2 a4 50. b4 Nd4 51. a3 Nb5
52. Ne5 Re4 53. Ncd3 Nd4 54. Rh2 Kb7 55. Kc1 Nb5 56. Rh7+ Ka6 57. Kd2 Nxa3 58.
Nxc6 Kb5 59. Na7+ Kc4 60. Rc7+ Kb3 61. Rc3+ Ka2 62. Nc1+ Kb2 63. Nd3+ Ka2 64.
Rc1 Nb1+ 65. Kd1 Rd4 66. Ke2 Re4+ 67. Kf2 Na3 68. Rc6 Nc4 69. Nb5 Kb3 70. Nd6
Rd4 71. Nxc4 Rxd3 72. Ke2 Rd4 73. Nd2+ Kxb4 74. Rxb6+ Kc3 75. Nb1+ Kc4 76. Na3+
Kd5 77. Nc2 Rh4 78. Rb5+ Kc6 79. Ra5 Kb6 80. Ra8 Kb7 81. Rg8 Kb6 82. Kd2 Kc5
83. Rg5+ Kc4 84. Kc1 Rh3 85. Kb2 Rb3+ 86. Ka2 Rh3 87. Na3+ Kc3 88. Rc5+ Kb4 89.
Rb5+ Kc3 90. Nb1+ Kc4 91. Rb2 Kc5 92. Na3 Rb3 93. Rh2 Rb4 94. Rh5+ Kb6 95. Nc2
Rb3 96. Rh6+ Ka5 97. Rh5+ Kb6 98. Nd4 Rd3 99. Rb5+ Ka6 100. Rb4 Ka5 101. Nc6+
Ka6 102. Ne5 Rc3 103. Nc4 a3 104. Nxa3 Ka5 105. Rb8 Ka4 106. Kb2 Rc5 107. Rb7
Rg5 108. Rh7 Rg2+ 109. Nc2 Kb5 110. Rh3 Kc4 111. Rh5 Rg3 112. Na3+ Kd4 113.
Nb5+ Kd3 114. Rh4 Rg5 115. Nc3 Rg8 116. Nd5 Rb8+ 117. Nb4+ Ke3 118. Rc4 Re8
119. Kc3 Re4 120. Nc2+ Kf4 121. Rc8 Re7 122. Nd4 Ke4 123. Kc4 Re5 124. Rh8 Rg5
125. Rh1 Rg3 126. Rh5 Rg4 127. Nc6 Rg6 128. Rh4+ Ke3 129. Ne5 Rg8 130. Nd3 Rc8+
131. Nc5 Rd8 132. Rh3+ Ke2 133. Ne6 Ra8 134. Nd4+ Kf2 135. Rf3+ Kg2 136. Rf4
Re8 137. Kd3 Kg3 138. Rf7 Kg4 139. Nf3 Ra8 140. Ke4 Ra4+ 141. Nd4 Kg5 142. Rf8
Kg6 143. Rg8+ Kf6 144. Rb8 Kg5 145. Rb5+ Kg4 146. Ke5 Ra1 147. Nf5 Re1+ 148.
Kf6 Rf1 149. Kg6 Kf4 150. Rb4+ Ke5 151. Re4+ Kxe4 152. Ng3+ Kf4 153. Nxf1
1/2-1/2